Voices of friends; (Record no. 22510)
[ view plain ]
| 000 -LEADER | |
|---|---|
| fixed length control field | 00756cam a2200253 4500 |
| 001 - CONTROL NUMBER | |
| control field | 22510 |
| 003 - CONTROL NUMBER IDENTIFIER | |
| rucl marc code | BD-RjUL |
| 005 - DATE AND TIME OF LATEST TRANSACTION | |
| control field | 20211209000821.0 |
| 008 - FIXED-LENGTH DATA ELEMENTS--GENERAL INFORMATION | |
| fixed length control field | 140308s1973 rurc 00001 eng |
| 035 ## - SYSTEM CONTROL NUMBER | |
| System control number | (BD-RjUL)22575 |
| 040 ## - CATALOGING SOURCE | |
| Original cataloging agency | DLC |
| Transcribing agency | DLC |
| Modifying agency | BOS |
| -- | BD-RjUL |
| Language of cataloging | eng |
| 041 1# - LANGUAGE CODE | |
| Language code of text/sound track or separate title | engrus |
| 100 1# - MAIN ENTRY--PERSONAL NAME | |
| Personal name | Niyazi, Sh. |
| Fuller form of name | (Shavkat), |
| Dates associated with a name | 1927- |
| 9 (RLIN) | 69515 |
| 245 10 - TITLE STATEMENT | |
| Title | Voices of friends; |
| Remainder of title | Soviet poets / |
| Statement of responsibility, etc. | Compiled by Shovkat Niyazi |
| 260 ## - PUBLICATION, DISTRIBUTION, ETC. (IMPRINT) | |
| Place of publication, distribution, etc. | Moscow : |
| Name of publisher, distributor, etc. | Progress Publishers, |
| Date of publication, distribution, etc. | 1973. |
| 300 ## - PHYSICAL DESCRIPTION | |
| Pagination | 187 p. : |
| Illustrations | ports. ; |
| Size | 21 cm. |
| 350 ## - PRICE (NR) (BK AM CF MU VM SE) [OBSOLETE] | |
| Price | 1.31rub. |
| 650 #0 - SUBJECT ADDED ENTRY--TOPICAL TERM | |
| Topical term or geographic name as entry element | Poetry, Modern |
| Chronological subdivision | 20th century |
| General subdivision | Translations into English. |
| 9 (RLIN) | 69516 |
| Topical term or geographic name as entry element | Soviet literature. |
| 9 (RLIN) | 67178 |
| 942 ## - ADDED ENTRY ELEMENTS (KOHA) | |
| Source of classification or shelving scheme | Dewey Decimal Classification |
| Koha item type | Books |
| Lost status | Source of classification or shelving scheme | Damaged status | Not for loan | Permanent Location | Current Location | Shelving location | Date acquired | Source of acquisition | Cost, normal purchase price | Total Checkouts | Full call number | Date last seen | Copy number | Koha item type |
|---|---|---|---|---|---|---|---|---|---|---|---|---|---|---|
| Dewey Decimal Classification | Added to bundle | Central Library, University of Rajshahi | Central Library, University of Rajshahi | Reading Room | 01/11/1990 | shaukat Osman, Dhaka | 0.00 | 891.71 NIV 1973 | 08/03/2014 | C-1 | Books |